[Event "Asian Nations Cup w 2016"]
[Site "Abu Dhabi UAE"]
[Date "2016.03.31"]
[Round "4.4"]
[White "Amina, Battsooj"]
[Black "Guo, Qi"]
[Result "0-1"]
[BlackTitle "IM"]
[WhiteElo "2250"]
[BlackElo "2435"]
[WhiteTeam "Mongolia"]
[BlackTeam "China"]
[WhiteFideId "4902661"]
[BlackFideId "8604002"]
[EventDate "2016.03.28"]
[EventType "team"]

1. e4 c6 2. Nf3 d5 3. Nc3 Nf6 4. e5 Ne4 5. d4 Nxc3 6. bxc3 e6 7. Be2 c5 8. O-O
Nc6 9. Be3 Qa5 10. Qd2 b6 11. a4 Ba6 12. Bxa6 Qxa6 13. Rfb1 Rc8 14. Rb5 Na5 15.
Qd3 Nc4 16. Nd2 cxd4 17. cxd4 Be7 18. Rbb1 O-O 19. Nb3 Rc6 20. Nd2 Rfc8 21. Ra2
Qb7 22. Bf4 Qc7 23. Nf3 Na5 24. Ne1 Rc3 25. Qd1 Rc4 26. Qd3 Nc6 27. c3 Qd7 28.
Bd2 Na5 29. Rb5 R4c7 30. Nc2 Nc4 31. Be1 f6 32. exf6 Bxf6 33. Ne3 Na5 34. Ng4
Rf8 35. Re2 Nc4 36. Ra2 Be7 37. Qe2 Bd6 38. Ne3 Na5 39. Ng4 Qf7 40. h3 Nc4 41.
Ne3 Na5 42. Ng4 Qf5 43. Ne3 Qg6 44. Ng4 Rcf7 45. Ne3 Bf4 46. Nf1 Nc4 47. Nh2 Bc7
48. Ng4 h5 49. Ne3 Nd6 50. Rbb2 Ne4 51. Qd1 Rf3 52. h4 Rh3 53. g3 Rxh4 54. Ng2
Rh3 55. Qe2 h4 56. g4 Bh2+ 57. Kh1 Bg3+ 58. Kg1 Bxf2+ 59. Bxf2 Rxf2 60. Qd1 Rf8
61. Ne1 Nxc3 0-1

[Event "Asian Nations Cup w 2016"]
[Site "Abu Dhabi UAE"]
[Date "2016.03.31"]
[Round "4.1"]
[White "Muminova, Nafisa"]
[Black "Harika, Dronavalli"]
[Result "0-1"]
[WhiteTitle "WGM"]
[BlackTitle "GM"]
[WhiteElo "2318"]
[BlackElo "2515"]
[WhiteTeam "Uzbekistan"]
[BlackTeam "India"]
[WhiteFideId "14201526"]
[BlackFideId "5015197"]
[EventDate "2016.03.28"]
[EventType "team"]

1. e4 e5 2. Nf3 Nc6 3. d4 exd4 4. Nxd4 Bb4+ 5. c3 Be7 6. Bf4 d6 7. Bd3 Bf6 8.
Bc2 Nge7 9. O-O O-O 10. Na3 Ng6 11. Be3 Nce5 12. h3 Nd7 13. Nc4 Re8 14. Nd2 Nc5
15. f4 a5 16. Qf3 a4 17. Rae1 Bd7 18. g4 a3 19. b3 b5 20. g5 Be7 21. Rf2 b4 22.
c4 Bf8 23. Nf1 Ra5 24. Ng3 Qa8 25. h4 Ne7 26. h5 Nc6 27. Nb5 Qd8 28. Rh2 Ne6 29.
g6 fxg6 30. hxg6 h6 31. f5 Ng5 32. Bxg5 Qxg5 33. Nxc7 Nd4 34. Qe3 Rxf5 35. Nxe8
Nf3+ 36. Kg2 Nxe1+ 37. Qxe1 Rc5 38. Rh5 Qd8 39. Nxg7 Bxg7 40. Qf2 Rxh5 41. Qf7+
Kh8 42. Nxh5 Qg5+ 43. Ng3 Qg4 44. Kf2 Be6 45. Qe8+ Bg8 46. Nf5 Qf4+ 47. Ke2 Qh2+
48. Kf3 Qxc2 49. Ne7 Qd3+ 0-1

[Event "Asian Nations Cup w 2016"]
[Site "Abu Dhabi UAE"]
[Date "2016.03.31"]
[Round "4.2"]
[White "Tania, Sachdev"]
[Black "Kurbonboeva, Sarvinoz"]
[Result "1-0"]
[WhiteTitle "IM"]
[BlackTitle "WIM"]
[WhiteElo "2370"]
[BlackElo "2172"]
[WhiteTeam "India"]
[BlackTeam "Uzbekistan"]
[WhiteFideId "5007844"]
[BlackFideId "14201780"]
[EventDate "2016.03.28"]
[EventType "team"]

1. d4 Nf6 2. c4 d6 3. Nc3 Nbd7 4. e4 e5 5. d5 g6 6. Nge2 Bg7 7. f3 O-O 8. Be3
Ne8 9. g4 Bh6 10. Qd2 Bxe3 11. Qxe3 c6 12. h4 Ndf6 13. Ng3 cxd5 14. cxd5 Qb6 15.
Qd2 Ng7 16. h5 a6 17. O-O-O Rd8 18. Kb1 Nd7 19. Rc1 Nf8 20. Na4 Qa7 21. Qa5 Bd7
22. Nb6 Rab8 23. Rh2 gxh5 24. Nxh5 Nxh5 25. gxh5 Re8 26. Bd3 Bc8 27. Bb5 Rd8 28.
Rg2+ Kh8 29. Rcg1 Nd7 30. Bxd7 Bxd7 31. Qd2 Bh3 32. Qg5 1-0

[Event "Asian Nations Cup w 2016"]
[Site "Abu Dhabi UAE"]
[Date "2016.03.31"]
[Round "4.3"]
[White "Tokhirjonova, Gulrukhbegim"]
[Black "Padmini, Rout"]
[Result "0-1"]
[WhiteTitle "WIM"]
[BlackTitle "IM"]
[WhiteElo "2259"]
[BlackElo "2439"]
[WhiteTeam "Uzbekistan"]
[BlackTeam "India"]
[WhiteFideId "14203626"]
[BlackFideId "5029295"]
[EventDate "2016.03.28"]
[EventType "team"]

1. e4 c5 2. Nf3 e6 3. c3 Nf6 4. e5 Nd5 5. d4 cxd4 6. cxd4 d6 7. Bc4 Be7 8. O-O
O-O 9. a3 b6 10. Re1 Bb7 11. Qe2 Nd7 12. Bd2 Rc8 13. Bd3 dxe5 14. Nxe5 Nxe5 15.
dxe5 Bg5 16. Qh5 h6 17. Bxg5 Qxg5 18. Qxg5 hxg5 19. Be4 Rc7 20. Nd2 Rd8 21. Nf3
g4 22. Nd4 Ba6 23. Rad1 Nf4 24. Nc6 Rxd1 25. Rxd1 g6 26. Nb4 Be2 27. Re1 a5 28.
Na2 Bd3 29. Nc3 Bxe4 30. Nxe4 Nd3 31. Rd1 Nxe5 32. h3 gxh3 33. gxh3 Kg7 34. b3
Nf3+ 35. Kg2 Nh4+ 36. Kf1 Nf5 37. Rd3 Ne7 38. Nd6 Rc1+ 39. Ke2 Nd5 40. Kd2 Ra1
41. a4 Ra2+ 42. Ke1 f5 43. Nb5 Rb2 44. Nd6 Kf6 45. Nc4 Rb1+ 46. Kd2 g5 47. Na3
Rf1 48. Rf3 e5 49. Rd3 Ke6 50. Rg3 Rxf2+ 51. Ke1 Rh2 52. Nc4 g4 53. hxg4 f4 54.
Rd3 Rh4 55. g5 Rg4 56. Rh3 Rxg5 57. Rh6+ Nf6 58. Nxb6 Rg3 59. Nc4 Rxb3 60. Nxa5
Rb4 61. Nc6 Rxa4 62. Nd8+ Kf5 63. Nf7 Ra6 64. Rh8 e4 65. Ke2 f3+ 66. Kf2 Ra2+
67. Kg3 Rg2+ 68. Kh3 Kf4 69. Nd6 Rg3+ 70. Kh2 Ng4+ 71. Kh1 Nf2+ 0-1

[Event "Asian Nations Cup w 2016"]
[Site "Abu Dhabi UAE"]
[Date "2016.03.31"]
[Round "4.4"]
[White "Soumya, Swaminathan"]
[Black "Baymuratova, Sevara"]
[Result "1-0"]
[WhiteTitle "WGM"]
[BlackTitle "WIM"]
[WhiteElo "2384"]
[BlackElo "2156"]
[WhiteTeam "India"]
[BlackTeam "Uzbekistan"]
[WhiteFideId "5016193"]
[BlackFideId "14202182"]
[EventDate "2016.03.28"]
[EventType "team"]

1. e4 c5 2. Nf3 d6 3. d4 cxd4 4. Nxd4 Nf6 5. Nc3 Nc6 6. Bg5 Bd7 7. Qd2 Rc8 8. f4
Nxd4 9. Qxd4 Qa5 10. e5 dxe5 11. fxe5 e6 12. O-O-O Bc6 13. Nb5 Bxb5 14. exf6 Bc6
15. h4 g6 16. Bc4 Qc5 17. Qd3 Qf5 18. Qb3 Rd8 19. Rdf1 Qg4 20. Bxe6 fxe6 21. Rf4
Qe2 22. f7+ Kd7 23. Rd4+ Bd6 24. Rxd6+ Kxd6 25. Qb4+ Kc7 26. Bxd8+ Rxd8 27. Qe7+
Rd7 28. f8=Q Qe3+ 29. Kb1 Rxe7 30. Qxe7+ Kb6 31. Qb4+ Kc7 32. Re1 Qf2 33. Rxe6
Qf1+ 34. Re1 Qxg2 35. Re7+ Bd7 36. b3 h5 37. Qf4+ Kc8 38. Rg7 b6 39. Qd6 Qg4 40.
Rxg6 Qf5 41. Rg8+ Kb7 42. Rg7 Kc8 43. Kb2 Qh3 44. a4 Qf5 45. a5 bxa5 46. Rg8+ 1-0

[Event "Asian Nations Cup w 2016"]
[Site "Abu Dhabi UAE"]
[Date "2016.03.31"]
[Round "4.1"]
[White "Hoang, Thi Bao Tram"]
[Black "Saleh, Nora Mohd"]
[Result "1-0"]
[WhiteTitle "WGM"]
[BlackTitle "WIM"]
[WhiteElo "2283"]
[BlackElo "1920"]
[WhiteTeam "Vietnam"]
[BlackTeam "UAE - 1"]
[WhiteFideId "12401102"]
[BlackFideId "9301607"]
[EventDate "2016.03.28"]
[EventType "team"]

1. d4 d5 2. e3 Nf6 3. Bd3 c5 4. c3 e6 5. Nd2 Nc6 6. f4 Bd6 7. Qf3 Qc7 8. Ne2 b6
9. Qg3 Nh5 10. Qh4 g6 11. Nf3 Be7 12. Qf2 Bb7 13. Ne5 Ng7 14. O-O f6 15. Nf3
O-O-O 16. dxc5 bxc5 17. e4 e5 18. exd5 Rxd5 19. Be4 Rd7 20. fxe5 fxe5 21. Be3
Ne6 22. Qg3 Bd6 23. Rfd1 Nf4 24. Qf2 Nd8 25. Ng3 Nde6 26. b4 Be7 27. Rxd7 Qxd7
28. Nxe5 Qc7 29. Bxb7+ Qxb7 30. Bxf4 Rf8 31. Nd3 g5 32. Re1 Nxf4 33. Nxc5 Qc7
34. Qe3 Bxc5 35. bxc5 Rd8 36. Ne4 Qc6 37. Qf3 Kc7 38. Qg4 Nd3 39. Qg3+ Kc8 40.
Rb1 Qxe4 41. Rb8+ Kd7 42. Qd6+ Ke8 43. Rxd8+ Kf7 44. Rf8+ 1-0

[Event "Asian Nations Cup w 2016"]
[Site "Abu Dhabi UAE"]
[Date "2016.03.31"]
[Round "4.2"]
[White "Al-Zarouni, Kholoud Essa"]
[Black "Nguyen, Thi Mai Hung"]
[Result "0-1"]
[WhiteTitle "WIM"]
[BlackTitle "WGM"]
[WhiteElo "1861"]
[BlackElo "2282"]
[WhiteTeam "UAE - 1"]
[BlackTeam "Vietnam"]
[WhiteFideId "9301194"]
[BlackFideId "12401676"]
[EventDate "2016.03.28"]
[EventType "team"]

1. e4 c5 2. c3 g6 3. d4 cxd4 4. cxd4 d5 5. e5 Bg7 6. Nc3 Nc6 7. Bf4 f6 8. Bb5
fxe5 9. dxe5 d4 10. Bxc6+ bxc6 11. Nce2 c5 12. Nf3 Bg4 13. Qa4+ Qd7 14. Qxd7+
Kxd7 15. Nd2 Nh6 16. Nb3 Rhc8 17. Rc1 d3 18. Nxc5+ Rxc5 19. Rxc5 Bxe2 20. Kd2
Rf8 21. Be3 Ng4 22. f4 Nxe3 23. Kxe3 Bh6 24. g3 g5 25. Rc4 gxf4+ 26. gxf4 Bxf4+
27. Rxf4 Rxf4 28. Kxf4 d2 29. b4 d1=Q 30. Rxd1+ Bxd1 31. h4 Kc6 32. Ke4 Bc2+ 33.
Kd4 Kb5 34. Kc3 Bf5 35. a3 Ka4 36. Kb2 Be6 0-1

[Event "Asian Nations Cup w 2016"]
[Site "Abu Dhabi UAE"]
[Date "2016.03.31"]
[Round "4.3"]
[White "Hoang, Thi Nhu Y"]
[Black "Abeer, Ali"]
[Result "1-0"]
[WhiteTitle "WIM"]
[BlackTitle "WCM"]
[WhiteElo "2247"]
[BlackElo "1644"]
[WhiteTeam "Vietnam"]
[BlackTeam "UAE - 1"]
[WhiteFideId "12401455"]
[BlackFideId "9302930"]
[EventDate "2016.03.28"]
[EventType "team"]

1. d4 d5 2. Nf3 Nf6 3. c4 dxc4 4. Qa4+ c6 5. Qxc4 Bf5 6. Nc3 h6 7. Bf4 e6 8. e3
Be7 9. Be2 Nbd7 10. O-O O-O 11. Bg3 Nb6 12. Qb3 Qc8 13. a4 Nbd5 14. Nxd5 exd5
15. Rfc1 a5 16. Bh4 g5 17. Bg3 Ne4 18. Ne1 Bg6 19. Bd3 Bb4 20. Qc2 f5 21. Be5
Nd6 22. f4 g4 23. Qe2 Qd7 24. Nc2 Ne4 25. Nxb4 axb4 26. Qe1 c5 27. dxc5 Rxa4 28.
c6 1-0

[Event "Asian Nations Cup w 2016"]
[Site "Abu Dhabi UAE"]
[Date "2016.03.31"]
[Round "4.4"]
[White "Wadima, Humaid S H AlKalbani"]
[Black "Nguyen, Thi Thanh An"]
[Result "0-1"]
[WhiteTitle "WFM"]
[BlackTitle "WGM"]
[WhiteElo "1629"]
[BlackElo "2239"]
[WhiteTeam "UAE - 1"]
[BlackTeam "Vietnam"]
[WhiteFideId "9304541"]
[BlackFideId "12400300"]
[EventDate "2016.03.28"]
[EventType "team"]

1. e4 c5 2. Nf3 d6 3. d4 cxd4 4. Nxd4 Nf6 5. Nc3 Nc6 6. Bc4 Qb6 7. Nf5 Nxe4 8.
Nxe4 Bxf5 9. Nc3 e6 10. Bb3 Be7 11. Be3 Qc7 12. Qd2 a6 13. Qe2 O-O 14. g4 Bg6
15. h4 h6 16. h5 Bh7 17. f4 d5 18. O-O-O d4 19. Bxd4 Qxf4+ 20. Be3 Qxe3+ 21.
Qxe3 Bg5 22. Qxg5 hxg5 23. Rd7 b5 24. Re1 Rfd8 25. Rc7 Nd4 26. Rc5 Rac8 27. Ree5
Rxc5 28. Rxc5 b4 29. Rxg5 bxc3 30. bxc3 Nxb3+ 31. cxb3 f6 32. Ra5 Bd3 33. c4 f5
34. gxf5 exf5 35. Rxa6 f4 36. Kb2 f3 0-1

[Event "Asian Nations Cup w 2016"]
[Site "Abu Dhabi UAE"]
[Date "2016.03.31"]
[Round "4.1"]
[White "Saduakassova, Dinara"]
[Black "Khademalsharieh, Sarasadat"]
[Result "1/2-1/2"]
[WhiteTitle "WGM"]
[BlackTitle "IM"]
[WhiteElo "2411"]
[BlackElo "2450"]
[WhiteTeam "Kazakhstan"]
[BlackTeam "Iran"]
[WhiteFideId "13700090"]
[BlackFideId "12512214"]
[EventDate "2016.03.28"]
[EventType "team"]

1. d4 Nf6 2. c4 e6 3. g3 d5 4. Nf3 Bb4+ 5. Bd2 Bd6 6. Nc3 Nc6 7. Bg5 dxc4 8. e4
e5 9. dxe5 Nxe5 10. Nxe5 Bxe5 11. Qxd8+ Kxd8 12. f4 Bxc3+ 13. bxc3 h6 14. O-O-O+
Ke8 15. Bxf6 gxf6 16. Bxc4 Be6 17. Bb5+ c6 18. Be2 Rd8 19. Rxd8+ Kxd8 20. f5 Bd7
21. Rf1 Ke7 22. Bc4 a5 23. a3 b5 24. Bb3 Rb8 25. Rf4 a4 26. Ba2 c5 27. Rh4 b4
28. axb4 cxb4 29. cxb4 Rxb4 30. Rxh6 Rxe4 31. Rh7 Be8 32. Kb2 Re2+ 33. Ka3 Re3+
34. Kb4 Rf3 35. Rh5 Kd6 36. Rh8 Ke7 37. Rh5 Kd6 38. Rh8 Re3 39. Rf8 Ke7 1/2-1/2

[Event "Asian Nations Cup w 2016"]
[Site "Abu Dhabi UAE"]
[Date "2016.03.31"]
[Round "4.2"]
[White "Pourkashiyan, Atousa"]
[Black "Abdumalik, Zhansaya"]
[Result "0-1"]
[WhiteTitle "WGM"]
[BlackTitle "WGM"]
[WhiteElo "2372"]
[BlackElo "2381"]
[WhiteTeam "Iran"]
[BlackTeam "Kazakhstan"]
[WhiteFideId "12502014"]
[BlackFideId "13703544"]
[EventDate "2016.03.28"]
[EventType "team"]

1. e4 e5 2. Nf3 Nc6 3. Bb5 Nf6 4. d3 Bc5 5. c3 d6 6. h3 O-O 7. O-O Ne7 8. d4 Bb6
9. Bd3 Ng6 10. a4 c6 11. Re1 Re8 12. Nbd2 Nf4 13. Bf1 exd4 14. Nxd4 Ng6 15. Bd3
d5 16. exd5 Nxd5 17. N2f3 Bd7 18. Bg5 Qc7 19. Qc2 Ndf4 20. Bf5 h6 21. Bxf4 Nxf4
22. Bxd7 Qxd7 23. Re4 Bc7 24. Rae1 Rad8 25. Ne5 Bxe5 26. Rxe5 c5 27. Rxe8+ Rxe8
28. Rxe8+ Qxe8 29. Nf3 b6 30. b3 Qe6 31. Qd2 Qf5 32. Qe3 g5 33. c4 Ne6 34. Qc3
h5 35. Qc1 Nf4 36. Qe3 Kg7 37. Qc3+ Kg8 38. Qe3 Ne6 39. Qc1 g4 40. hxg4 hxg4 41.
Nh2 Qe4 42. Qd1 f5 43. Nf1 Nd4 44. Ne3 Kf7 45. Nd5 Kg6 46. Kf1 Kg5 47. Kg1 f4
48. a5 bxa5 49. Qa1 a4 50. bxa4 Qc2 51. Qe1 Ne2+ 52. Kf1 f3 53. gxf3 gxf3 54.
Ne3 Qh7 55. Qd1 0-1

[Event "Asian Nations Cup w 2016"]
[Site "Abu Dhabi UAE"]
[Date "2016.03.31"]
[Round "4.3"]
[White "Dauletova, Gulmira"]
[Black "Hejazipour, Mitra"]
[Result "1/2-1/2"]
[WhiteTitle "WIM"]
[BlackTitle "WGM"]
[WhiteElo "2269"]
[BlackElo "2332"]
[WhiteTeam "Kazakhstan"]
[BlackTeam "Iran"]
[WhiteFideId "13702971"]
[BlackFideId "12505951"]
[EventDate "2016.03.28"]
[EventType "team"]

1. e4 c5 2. Nf3 d6 3. Bb5+ Nd7 4. c3 Nf6 5. Qe2 a6 6. Ba4 b5 7. Bc2 Bb7 8. d4 e5
9. O-O Be7 10. a4 O-O 11. d5 c4 12. Nbd2 Nc5 13. Re1 Qc7 14. h3 Rfb8 15. Nf1 Bc8
16. Ng3 bxa4 17. Qxc4 Bd7 18. Nd2 g6 19. Qe2 Rb7 20. Ra3 Rab8 21. Qe3 Qc8 22.
Kh2 Bf8 23. Ne2 Nh5 24. Qg5 f6 25. Qe3 a5 26. Kg1 Bb5 27. c4 Bd7 28. Rc3 Rb4 29.
Nb1 f5 30. exf5 Bxf5 31. Na3 Nf6 32. Ng3 Bxc2 33. Nxc2 Rb3 34. Na3 R8b4 35. Qd2
Qc7 36. Nc2 Rxc3 37. Qxc3 Rb3 38. Qd2 Nd3 39. Na1 Nxe1 40. Nxb3 axb3 41. Qxe1
Qxc4 42. Bg5 Nxd5 43. Qxa5 h6 44. Bd2 Nf4 45. Qa8 Qd3 46. Ne4 Kf7 47. Qb7+ Be7
48. Bxf4 exf4 49. Nc3 Qc4 50. Nd5 Qe4 51. Qxb3 Qe1+ 52. Kh2 Qxf2 53. Nxf4+ Kg7
54. Nd5 Bg5 55. Qb7+ Qf7 56. Qc6 Bf4+ 57. Nxf4 Qxf4+ 58. Kh1 Qf1+ 1/2-1/2

[Event "Asian Nations Cup w 2016"]
[Site "Abu Dhabi UAE"]
[Date "2016.03.31"]
[Round "4.4"]
[White "Zahedifar, Anahita"]
[Black "Zhylkaidarova, Sholpan"]
[Result "1/2-1/2"]
[WhiteTitle "WFM"]
[BlackTitle "WFM"]
[WhiteElo "2112"]
[BlackElo "2176"]
[WhiteTeam "Iran"]
[BlackTeam "Kazakhstan"]
[WhiteFideId "12560715"]
[BlackFideId "13700138"]
[EventDate "2016.03.28"]
[EventType "team"]

1. d4 Nf6 2. c4 e6 3. Nc3 Bb4 4. Qc2 Nc6 5. Nf3 d6 6. Bd2 O-O 7. a3 Bxc3 8. Bxc3
Qe7 9. e3 e5 10. d5 Nb8 11. Nd2 a5 12. b3 Nbd7 13. Be2 b5 14. cxb5 Nxd5 15. Bf3
Bb7 16. Nc4 Nc5 17. Nxa5 e4 18. Be2 Bc8 19. O-O Qg5 20. Kh1 Re8 21. Bb4 Nxb4 22.
axb4 Nd3 23. Bxd3 exd3 24. Qxd3 Bf5 25. Qd5 Qf6 26. f3 Be6 27. Qd3 Bd7 28. Rac1
Qg5 29. Rxc7 Bxb5 30. Nc4 d5 31. Rc5 dxc4 32. bxc4 Bxc4 33. Qxc4 Qxe3 34. Rc7
Re7 35. Rxe7 Qxe7 36. b5 Rb8 37. Qc6 Qb4 38. Rd1 h6 39. h3 Qxb5 40. Rd8+ Kh7 41.
Qc2+ g6 42. Qc7 Rxd8 43. Qxf7+ Kh8 44. Qf6+ Kh7 45. Qe7+ Kh8 46. Qxd8+ Kh7 47.
Qe7+ Kg8 48. Qf6 Qb1+ 49. Kh2 Qb8+ 50. f4 Qb1 51. h4 Qe4 52. Qd8+ Kh7 53. Qc7+
Kg8 54. Qe5 Qc4 55. Qf6 Qe4 56. Qd8+ Kh7 57. Qd7+ Kg8 58. Qg4 Kh7 59. Qd7+ Kg8
60. Qc7 Qe1 61. Qd8+ Kf7 62. Qd7+ Kf8 63. Qg4 Qe4 64. Qc8+ Kg7 65. Qc7+ Kg8 66.
Qe5 Qc4 67. Qf6 Qb5 1/2-1/2

[Event "Asian Nations Cup w 2016"]
[Site "Abu Dhabi UAE"]
[Date "2016.03.31"]
[Round "4.1"]
[White "Ranasinghe, S D"]
[Black "Al-Harmoudi, Mona"]
[Result "1-0"]
[WhiteTitle "WIM"]
[BlackTitle "WIM"]
[WhiteElo "1740"]
[BlackElo "1694"]
[WhiteTeam "Sri Lanka"]
[BlackTeam "UAE - 2"]
[WhiteFideId "9902651"]
[BlackFideId "9301631"]
[EventDate "2016.03.28"]
[EventType "team"]

1. Nf3 c5 2. g3 Nc6 3. Bg2 g6 4. O-O Bg7 5. c3 e5 6. d3 Nge7 7. Nbd2 O-O 8. Nb3
d6 9. d4 cxd4 10. cxd4 e4 11. Ne1 f5 12. Nc2 a5 13. d5 a4 14. dxc6 axb3 15. cxb7
Bxb7 16. axb3 Rxa1 17. Nxa1 Qb6 18. Be3 Qb4 19. Bd2 Qc5 20. b4 Qb6 21. Bc3 Bd5
22. Nb3 Rb8 23. Nd4 Bf7 24. Qd2 Nd5 25. Nc2 Nxc3 26. bxc3 Rc8 27. Nd4 Ra8 28.
Qe3 Qc7 29. Nb5 Qc6 30. Nd4 Qc4 31. g4 Bxd4 32. Qxd4 Qxd4 33. cxd4 Ra2 34. e3
Rb2 35. gxf5 gxf5 36. Bh3 Be6 37. Ra1 Kf7 38. Ra7+ Kg6 39. Ra6 Rxb4 40. Rxd6 Kf6
41. d5 1-0

[Event "Asian Nations Cup w 2016"]
[Site "Abu Dhabi UAE"]
[Date "2016.03.31"]
[Round "4.2"]
[White "Shaikha, Abdallah Aldhaheri"]
[Black "Udupitiya, U G S S S"]
[Result "0-1"]
[WhiteElo "1587"]
[BlackElo "1709"]
[WhiteTeam "UAE - 2"]
[BlackTeam "Sri Lanka"]
[WhiteFideId "9305343"]
[BlackFideId "9904921"]
[EventDate "2016.03.28"]
[EventType "team"]

1. d4 Nf6 2. c4 e6 3. g3 c5 4. d5 exd5 5. cxd5 d6 6. Nc3 g6 7. e4 a6 8. a4 Bg7
9. Bg2 O-O 10. Nf3 Re8 11. Qd3 Nxe4 12. Nxe4 f5 13. Nd2 fxe4 14. Bxe4 Bh3 15.
Kd1 Nd7 16. Nc4 Nf6 17. f3 Nxe4 18. fxe4 Qe7 19. Re1 b5 20. axb5 axb5 21. Rxa8
Rxa8 22. Na3 c4 23. Qf3 Qd7 24. Kc2 Rc8 25. Bd2 b4 26. Nb1 Qa4+ 27. Kc1 Qa2 28.
e5 Bxe5 29. Rxe5 dxe5 30. Qf6 Rf8 31. Qxe5 Bf5 32. Bh6 Qxb1+ 33. Kd2 Qd3+ 34.
Ke1 Qe4+ 35. Qxe4 Bxe4 36. Bxf8 Kxf8 37. d6 Ke8 38. Kd2 Kd7 39. Ke3 Bd3 0-1

[Event "Asian Nations Cup w 2016"]
[Site "Abu Dhabi UAE"]
[Date "2016.03.31"]
[Round "4.3"]
[White "Wickramasinghe, Dilhara Ishini"]
[Black "Jehad, Aysha"]
[Result "0-1"]
[WhiteTitle "WFM"]
[WhiteElo "1757"]
[BlackElo "1597"]
[WhiteTeam "Sri Lanka"]
[BlackTeam "UAE - 2"]
[WhiteFideId "9906738"]
[BlackFideId "9303286"]
[EventDate "2016.03.28"]
[EventType "team"]

1. d4 d5 2. c4 dxc4 3. e3 Nf6 4. Bxc4 e6 5. Nc3 c5 6. Nf3 a6 7. a4 Nc6 8. O-O
Be7 9. h3 O-O 10. Re1 h6 11. d5 exd5 12. Nxd5 Nxd5 13. Bxd5 Nb4 14. e4 Nxd5 15.
exd5 b6 16. Qb3 Bb7 17. Rd1 Qd6 18. Qc4 b5 19. Qe4 f5 20. Qd3 c4 21. Qd4 Bf6 22.
Bf4 Bxd4 23. Bxd6 Bxb2 24. Bxf8 Bxa1 25. Be7 Bc3 26. axb5 axb5 27. d6 Bxf3 28.
gxf3 Bb4 29. Rb1 Ra4 30. Rxb4 Rxb4 31. d7 Rb1+ 32. Kg2 Rd1 33. d8=Q+ Rxd8 34.
Bxd8 c3 35. Ba5 c2 36. Bd2 b4 37. Bc1 Kf7 38. Kf1 Kg6 39. Ke2 b3 40. Kd3 Kh5 41.
Kc3 Kh4 42. Kxb3 Kxh3 43. Kxc2 Kg2 44. f4 Kxf2 45. Kd3 Kf3 46. Kd4 h5 47. Ke5 h4
48. Kxf5 h3 49. Bb2 g6+ 50. Kxg6 h2 51. f5 h1=Q 52. Bg7 Qg2+ 53. Kf7 Qa2+ 54.
Kg6 Qc2 55. Kg5 Qg2+ 56. Kf6 Qg4 57. Bh6 Ke4 58. Bf8 Qxf5+ 59. Ke7 Kd5 60. Bg7
Qe6+ 61. Kf8 Qg6 62. Kg8 Ke6 63. Kh8 0-1

[Event "Asian Nations Cup w 2016"]
[Site "Abu Dhabi UAE"]
[Date "2016.03.31"]
[Round "4.4"]
[White "Bashaer, Khalil"]
[Black "Mendis, Dasuni Hansika"]
[Result "1-0"]
[WhiteTitle "WCM"]
[BlackTitle "WCM"]
[WhiteElo "1549"]
[BlackElo "1739"]
[WhiteTeam "UAE - 2"]
[BlackTeam "Sri Lanka"]
[WhiteFideId "9304843"]
[BlackFideId "9907696"]
[EventDate "2016.03.28"]
[EventType "team"]

1. e4 c6 2. d4 d5 3. Nc3 dxe4 4. Nxe4 Bf5 5. Ng3 Bg6 6. h4 h6 7. h5 Bh7 8. Nf3
Nd7 9. Bd3 Bxd3 10. Qxd3 Qc7 11. Bd2 e6 12. O-O-O O-O-O 13. Ne4 Ngf6 14. g3 Nc5
15. Nxc5 Bxc5 16. Bf4 Bd6 17. Be5 Bxe5 18. Nxe5 Kb8 19. Qe2 Rhe8 20. Rh4 Rd5 21.
Rd3 Ng8 22. Rb3 Red8 23. c4 R5d6 24. c5 Rd5 25. Qa6 Ka8 26. Qa4 a6 27. Rb6 Ne7
28. Nxf7 Rf8 29. Rf4 Nc8 30. Nd6 Rxf4 31. Rxb7 Qxb7 32. Nxb7 Rfxd4 33. Qxa6+ Na7
34. Kc2 Rd2+ 35. Kc3 R5d3+ 36. Kc4 Rd4+ 37. Kc3 Kb8 38. Nd6 Rxd6 39. cxd6 Rxd6
40. Qb6+ Ka8 41. a4 Rd5 42. g4 e5 43. f3 Rd4 44. Qb3 Rd7 45. Qe6 Rd4 46. b3 Rf4
47. Qg8+ Kb7 48. Qxg7+ 1-0

[Event "Asian Nations Cup w 2016"]
[Site "Abu Dhabi UAE"]
[Date "2016.04.01"]
[Round "5.1"]
[White "Al-Harmoudi, Mona"]
[Black "Zhao, Xue"]
[Result "0-1"]
[WhiteTitle "WIM"]
[BlackTitle "GM"]
[WhiteElo "1694"]
[BlackElo "2504"]
[WhiteTeam "UAE - 2"]
[BlackTeam "China"]
[WhiteFideId "9301631"]
[BlackFideId "8601283"]
[EventDate "2016.03.28"]
[EventType "team"]

1. d4 Nf6 2. c4 Nc6 3. Nf3 e6 4. g3 d5 5. b3 Bb4+ 6. Bd2 a5 7. a3 Be7 8. e3 O-O
9. Bg2 a4 10. c5 axb3 11. Qxb3 b6 12. cxb6 Ba6 13. Bf1 Bxf1 14. Kxf1 cxb6 15.
Qb5 Na5 16. Bb4 Nc4 17. Kg2 Ne4 18. Bxe7 Qxe7 19. a4 Rfc8 20. Rc1 Nxe3+ 0-1

[Event "Asian Nations Cup w 2016"]
[Site "Abu Dhabi UAE"]
[Date "2016.04.01"]
[Round "5.2"]
[White "Tan, Zhongyi"]
[Black "Jehad, Aysha"]
[Result "1-0"]
[WhiteTitle "WGM"]
[WhiteElo "2518"]
[BlackElo "1597"]
[WhiteTeam "China"]
[BlackTeam "UAE - 2"]
[WhiteFideId "8603642"]
[BlackFideId "9303286"]
[EventDate "2016.03.28"]
[EventType "team"]

1. c4 c5 2. Nf3 Nc6 3. d4 cxd4 4. Nxd4 e5 5. Nb5 a6 6. N5c3 Nf6 7. g3 Be7 8. Bg2
O-O 9. O-O Rb8 10. a4 b6 11. b3 Bb7 12. Nd5 Nxd5 13. cxd5 Na7 14. Bb2 Bd6 15.
Nd2 Bc7 16. Ne4 d6 17. f4 f6 18. fxe5 fxe5 19. Rxf8+ Qxf8 20. Ng5 Bd8 21. Ne6
Qf7 22. Qd3 Bf6 23. Rf1 h6 24. Qf5 Bc8 25. Be4 Bxe6 26. dxe6 Qc7 27. Qh7+ Kf8
28. Rxf6+ 1-0

[Event "Asian Nations Cup w 2016"]
[Site "Abu Dhabi UAE"]
[Date "2016.04.01"]
[Round "5.3"]
[White "Al-Moaamari, Mozah"]
[Black "Lei, Tingjie"]
[Result "0-1"]
[BlackTitle "WGM"]
[WhiteElo "1607"]
[BlackElo "2495"]
[WhiteTeam "UAE - 2"]
[BlackTeam "China"]
[WhiteFideId "9307010"]
[BlackFideId "8605114"]
[EventDate "2016.03.28"]
[EventType "team"]

1. c4 c5 2. Nc3 g6 3. g3 Bg7 4. Bg2 Nc6 5. Nf3 e6 6. O-O Nge7 7. d3 O-O 8. Rb1
d5 9. cxd5 exd5 10. e3 Bf5 11. Nh4 Be6 12. Ne2 d4 13. a3 dxe3 14. Bxe3 b6 15.
Nf3 Bf5 16. Ne1 Rc8 17. Qd2 Re8 18. Nc2 Qxd3 19. Rfd1 Qxc2 20. Rbc1 Qxb2 21.
Qxb2 Bxb2 22. Rc4 Rcd8 23. Rf1 Bd3 24. Ra4 Bxe2 25. Re1 Bb5 26. Re4 Bd3 27. Rf4
c4 28. Rf6 Bxf6 0-1